In the Doghouse / (Record no. 6276)
[ view plain ]
| 000 -LEADER | |
|---|---|
| fixed length control field | 01392nam a22002777a 4500 |
| 001 - CONTROL NUMBER | |
| control field | 6276 |
| 003 - CONTROL NUMBER IDENTIFIER | |
| control field | FISKH |
| 005 - DATE AND TIME OF LATEST TRANSACTION | |
| control field | 20250513112710.0 |
| 008 - FIXED-LENGTH DATA ELEMENTS--GENERAL INFORMATION | |
| fixed length control field | 250408b cb ||||| |||| 00| 0 eng d |
| 020 ## - INTERNATIONAL STANDARD BOOK NUMBER | |
| International Standard Book Number | 9781618103321 |
| 040 ## - CATALOGING SOURCE | |
| Original cataloging agency | FISKH |
| Language of cataloging | eng |
| Transcribing agency | FISKH |
| Modifying agency | FISKH |
| 050 ## - LIBRARY OF CONGRESS CALL NUMBER | |
| Classification number | S8229 |
| 082 ## - DEWEY DECIMAL CLASSIFICATION NUMBER | |
| Classification number | 813.6 |
| 100 ## - MAIN ENTRY--PERSONAL NAME | |
| Personal name | Steinkraus, Kyla |
| 245 ## - TITLE STATEMENT | |
| Title | In the Doghouse / |
| Statement of responsibility, etc. | By Kyla Steinkraus ; Illustrated by Ed Myer |
| 260 ## - PUBLICATION, DISTRIBUTION, ETC. | |
| Place of publication, distribution, etc. | Shenzhen : |
| Name of publisher, distributor, etc. | Rourke, |
| Date of publication, distribution, etc. | 2013. |
| 300 ## - PHYSICAL DESCRIPTION | |
| Extent | 23 pages : |
| Other physical details | color illustrations ; |
| Dimensions | 21 cm |
| 505 ## - FORMATTED CONTENTS NOTE | |
| Formatted contents note | K<br/> |
| 520 ## - SUMMARY, ETC. | |
| Summary, etc. | Peering Out The Window On A Cold, Snowy Day Jonathan Sees Something In The Doghouse In The Backyard. Only It Can't Be His Dog, Gizmo Because He's Safe And Warm Inside The House. As He Investigates He Finds It Is A Rabbit Trying To Stay Warm. He And His Mom Give The Rabbit Some Fruit And Veggies, Only To Discover Each Time They Check There Are More And More Rabbits. As The Snow Melts And Jonathan Goes Out To Check On The Rabbits They Are All Gone. He Was Proud He Had Provided A Nice, Warm Place For Them. Teaching Focus, Words To Know Before You Read, Comprehension And Extension Activities. Inside Front And Back Cover Parent And Teacher Support.<br/> |
| 521 8# - TARGET AUDIENCE NOTE | |
| Target audience note | 510<br/> |
| Source | Lexile<br/> |
| 521 8# - TARGET AUDIENCE NOTE | |
| Target audience note | K<br/> |
| Source | Raz-Plus<br/> |
| 650 ## - SUBJECT ADDED ENTRY--TOPICAL TERM | |
| Topical term or geographic name entry element | Boy |
| Form subdivision | Fiction |
| General subdivision | Picture book |
| 700 ## - ADDED ENTRY--PERSONAL NAME | |
| Personal name | Myer, Ed |
| Relator term | illustrator |
| 942 ## - ADDED ENTRY ELEMENTS (KOHA) | |
| Source of classification or shelving scheme | Dewey Decimal Classification |
| Koha item type | Books |
| Suppress in OPAC | No |
| Withdrawn status | Lost status | Source of classification or shelving scheme | Damaged status | Not for loan | Collection | Home library | Current library | Shelving location | Date acquired | Total Checkouts | Full call number | Barcode | Date last seen | Date last checked out | Price effective from | Koha item type | Copy number |
|---|---|---|---|---|---|---|---|---|---|---|---|---|---|---|---|---|---|
| Dewey Decimal Classification | Juvenile Fiction | Footprints International School Library Network Toul Kork Campus | Footprints International School Library Network Toul Kork Campus | TK Primary Library Room(4th Floor), Bookcase 3&4, Shelves 17-32, Yellow Books | 04/08/2025 | 1 | STE 813.6 S8229 | FISTK00937 | 04/03/2026 | 03/20/2026 | 04/08/2025 | Books | |||||
| Dewey Decimal Classification | Juvenile Fiction | Footprints International School Library Network Toul Tom Poung Campus | Footprints International School Library Network Toul Tom Poung Campus | TTP Primary Yellow Bookshelves | 05/13/2025 | STE 813.6 S8229 | 2025-1307 | 05/13/2025 | 05/13/2025 | Books | 2 |
